| 000 | 00632nam a2200193Ia 4500 | ||
|---|---|---|---|
| 003 | GCL | ||
| 005 | 20240530102846.0 | ||
| 008 | 140319s9999 xx 000 0 ara d | ||
| 040 |
_aGCL / _cGCL |
||
| 082 | 0 | 4 |
_a913.0310285 _bهـ ت |
| 100 | 1 | _aهيرى لامنسى اليسوعى | |
| 245 | 1 | 0 |
_aتسريح الابصار فى ما يحتوى لبنان من الاثار / _cهيرى لامنسى اليسوعى |
| 260 |
_aلبنان : _bدار الرائد اللبنانى ، _c1982 |
||
| 300 |
_a264 ص ؛ _c24 سم |
||
| 650 | 0 | 4 | _aالعلم |
| 650 | 0 | 4 | _aلبنان |
| 650 | 0 | 4 |
_aلبنان _xاثار |
| 942 |
_2ddc _cBK |
||
| 999 |
_c34977 _d34977 |
||